书目信息 |
| 题名: |
商品知识
|
|
| 作者: | ;财贸战线报科技组 编 | |
| 分册: | ||
| 出版信息: | 沈阳 辽宁人民出版社 1981 |
|
| 页数: | 292页 | |
| 开本: | 19cm | |
| 丛书名: | ||
| 单 册: | ||
| 中图分类: | F76 | |
| 科图分类: | ||
| 主题词: | 商品--基本知识 , 商品学 | |
| 电子资源: | ||
| ISBN: | ||
| 000 | 00666nam0 2200253 45 | |
| 001 | 0181007484 | |
| 005 | 20040429165307.1 | |
| 010 | @dCNY0.80 | |
| 091 | @a4090.25 | |
| 100 | @a19950606d1981 em y0chiy0121 ea | |
| 101 | 0 | @achi |
| 102 | @aCN@b210000 | |
| 105 | @ay z 000yy | |
| 106 | @ar | |
| 200 | 10 | @a商品知识@Ashang pin zhi shi@f《财贸战线》报科技组编 |
| 210 | @a沈阳@c辽宁人民出版社@d1981 | |
| 215 | @a292页@d19cm | |
| 606 | @a商品@x基本知识 | |
| 606 | 0 | @a商品学 |
| 690 | @aF76 | |
| 711 | 02 | @a财贸战线报科技组@Acai mao zhan xian bao ke ji zu@4编 |
| 801 | 0 | @aCN@b上海图书馆@c20040429 |
| 801 | 2 | @aCN@bNLC@c20040429 |
| 905 | @f1@b39678@dF76@e1:1 | |
| 商品知识/《财贸战线》报科技组编.-沈阳:辽宁人民出版社,1981 |
| 292页;19cm |
| ISBN :CNY0.80 |
| ● |
| 相关链接 |
|
|
|
|
正题名:商品知识
索取号:F76/1:1
 
预约/预借
| 序号 | 登录号 | 条形码 | 馆藏地/架位号 | 状态 | 备注 |
| 1 | 0039678 | 000489652 | 第一样本阅览室/ [索取号:F76/1:1] | 在馆 |